000 00824nam a22002897a 4500
001 0000023231
003 DO-SdBNP
005 20251106090338.0
008 160523b 1976 xxu||00| 0 spa d
020 _a0440979757
040 _aBPMSU
_bspa
_cBPMSU
082 _a813.5
_bO'999s
_222
092 _a
_b
100 1 _aO'Dell, Scott
_d1898-1989.
245 1 0 _aSing down the moon /
_bScott O'Dell.
260 _aNew York :
_bDell Pub,
_c1976
300 _a121 p. ;
_b18 cm.
490 0 _aLaurel-leaf books
500 _aNewbery Honor Book,
500 _aReprinted by arrangement with Houghton, Mifflin.
590 _6Invetariado, 2021/VM
650 4 _aCuentos infantiles estadounidenses.
650 4 _aIndios Navajo
_xFicción.
910 _aVMateo V.
942 _2ddc
_cBK
945 _aInventariado, 2021/VM
999 _c10193
_d10193